000 01109cgm a2200289 4500
001 B3196
008 090401t1984 xxu||||| |||| 00| 0 eng d
035 _a(Sirsi) u54643
041 _aeng
050 _a639.9
_c18
100 _aDenyer-Green, Barry P. D.
245 _aWildlife and Countryside Act 1981
_h[sound recording]
260 _aLondon
_bRICS
_c1984
300 _a1 sound cassette (ca. 60 min.)
350 _a10
490 _aOwlion Audio Programme
520 _aA digest of relevant aspects in respect of this important legislation. Contains the full text of the Act and covers such topics as protection of SSSI`s; Nature Conservation Orders; Countryside Management Agreements; and Financial Guidelines and Management Agreements.
650 _aCOUNTRYSIDE MANAGEMENT
650 _aNATURE CONSERVATION ORDERS
650 _aSITES OF SPECIAL SCIENTIFIC INTEREST
650 _aWILDLIFE AND COUNTRYSIDE ACT 1981
690 _aRURAL
_96268
710 _aCollege of Estate Management
_9400
710 _aRoyal Institution of Chartered Surveyors
_94900
942 _n0
948 _c04/03/1997
999 _c85287
_d85287